000 00981nam a2200241 i 4500
001 181641
003 ES-MaACL
005 20250824085121.0
008 130227s1971 sp | |||| ||spa d
080 _a641.55(083.12)"16"
100 1 _aGranado, Diego.
_9152397
245 1 0 _aLibro del arte de cocina /
_cpor Diego Granado (1599) ; lo publica la Sociedad de Bibliófilos Españoles ; con una traducción por Joaquín del Val.
260 _aMadrid :
_bSociedad de Bibliófilos Españoles,
_c1971.
300 _aXLVII, 432 p., 1 h. ;
_c25 cm.
490 1 _aSociedad de Bibliófilos Españoles. Tercera época ;
_v8
650 4 _aCocina-
_vRecetas-
_vObras anteriores a 1800.
_9151348
650 4 _aCocina-
_xRecetas-
_yS.XVII.
_9174114
700 1 _aVal, Joaquín del.
_9112422
710 2 _aSociedad de Bibliófilos Españoles.
_96661
830 1 0 _aSociedad de Bibliófilos Españoles. Tercera época
_v8
_9191518
852 4 _aES-MaACL
_jJ-7(III-8)
999 _c181641
_d181641